[Event "DEM U10w 2025"]
[Site "Willingen GER"]
[Date "2025.06.11"]
[Round "5"]
[White "Missova, Dimana"]
[Black "Braginets, Alisa"]
[Result "1-0"]
[Termination "normal"]
[Board "17"]
[WhiteElo "945"]
[BlackElo "871"]
[WhiteClock "01:27:13"]
[BlackClock "00:49:05"]
[PlyCount "93"]
[WhiteFideId "533043582"]
[BlackFideId "533041431"]
[EventCountry "GER"]
[EventRounds "9"]
[EventType "swiss"]
[EventDate "2025.06.07"]

1. e4 {[%clk 01:30:58]} {[%emt 00:00:01]} c6 {[%clk 01:30:51]} {[%emt
00:00:08]} 2. d4 {[%clk 01:31:19]} {[%emt 00:00:10]} d5 {[%clk 01:31:11]}
{[%emt 00:00:10]} 3. exd5 {[%clk 01:31:41]} {[%emt 00:00:09]} cxd5 {[%clk
01:31:24]} {[%emt 00:00:16]} 4. Nc3 {[%clk 01:31:52]} {[%emt 00:00:20]} Nf6
{[%clk 01:31:43]} {[%emt 00:00:11]} 5. Nf3 {[%clk 01:32:04]} {[%emt 00:00:18]}
Nc6 {[%clk 01:31:45]} {[%emt 00:00:28]} 6. Be2 {[%clk 01:32:19]} {[%emt
00:00:15]} Bg4 {[%clk 01:31:44]} {[%emt 00:00:30]} 7. h3 {[%clk 01:32:31]}
{[%emt 00:00:20]} Bxf3 {[%clk 01:31:51]} {[%emt 00:00:22]} 8. Bxf3 {[%clk
01:32:47]} {[%emt 00:00:14]} e6 {[%clk 01:31:43]} {[%emt 00:00:37]} 9. Nb1
{[%clk 01:33:08]} {[%emt 00:00:11]} Be7 {[%clk 01:30:41]} {[%emt 00:01:31]} 10.
c3 {[%clk 01:33:20]} {[%emt 00:00:19]} O-O {[%clk 01:28:49]} {[%emt 00:02:21]}
11. O-O {[%clk 01:33:37]} {[%emt 00:00:13]} e5 {[%clk 01:25:56]} {[%emt
00:03:23]} 12. Be3 {[%clk 01:32:23]} {[%emt 00:01:46]} e4 {[%clk 01:24:17]}
{[%emt 00:02:08]} 13. Be2 {[%clk 01:31:05]} {[%emt 00:01:47]} Bd6 {[%clk
01:20:37]} {[%emt 00:04:09]} 14. Re1 {[%clk 01:29:07]} {[%emt 00:02:30]} Bc7
{[%clk 01:20:01]} {[%emt 00:01:06]} 15. Nd2 {[%clk 01:27:20]} {[%emt 00:02:17]}
Qd6 {[%clk 01:17:31]} {[%emt 00:02:50]} 16. g3 {[%clk 01:27:06]} {[%emt
00:00:52]} Rab8 {[%clk 01:10:45]} {[%emt 00:07:18]} 17. Bf4 {[%clk 01:26:58]}
{[%emt 00:00:36]} Qd7 {[%clk 01:09:39]} {[%emt 00:01:24]} 18. Bxc7 {[%clk
01:27:05]} {[%emt 00:00:35]} Qxc7 {[%clk 01:09:49]} {[%emt 00:00:18]} 19. Nb3
{[%clk 01:26:16]} {[%emt 00:01:19]} Qd7 {[%clk 01:07:58]} {[%emt 00:02:21]} 20.
h4 {[%clk 01:26:05]} {[%emt 00:00:43]} Qh3 {[%clk 01:02:35]} {[%emt 00:05:44]}
21. Bf1 {[%clk 01:26:12]} {[%emt 00:00:32]} Qg4 {[%clk 01:02:00]} {[%emt
00:00:58]} 22. Qxg4 {[%clk 01:26:22]} {[%emt 00:00:26]} Nxg4 {[%clk 01:02:05]}
{[%emt 00:00:25]} 23. Nc5 {[%clk 01:26:11]} {[%emt 00:00:38]} Rfe8 {[%emt
00:03:32]} 24. Be2 {[%clk 01:24:36]} {[%emt 00:00:28]} h5 {[%clk 00:59:47]}
{[%emt 00:01:27]} 25. Bb5 {[%clk 01:22:24]} {[%emt 00:02:42]} a6 {[%clk
00:58:37]} {[%emt 00:01:38]} 26. Be2 {[%clk 01:21:18]} {[%emt 00:01:39]} b6
{[%clk 00:58:33]} {[%emt 00:00:35]} 27. Nxa6 {[%clk 01:21:04]} {[%emt
00:00:41]} Rb7 {[%clk 00:57:44]} {[%emt 00:01:18]} 28. a3 {[%clk 01:21:07]}
{[%emt 00:00:31]} Ra7 {[%emt 00:02:27]} 29. Nb4 {[%clk 01:21:12]} {[%emt
00:00:03]} Nxb4 {[%clk 00:56:14]} {[%emt 00:00:24]} 30. axb4 {[%clk 01:21:30]}
{[%emt 00:00:13]} Rxa1 {[%clk 00:56:22]} {[%emt 00:00:21]} 31. Rxa1 {[%clk
01:21:45]} {[%emt 00:00:16]} e3 {[%clk 00:55:27]} {[%emt 00:01:25]} 32. fxe3
{[%clk 01:21:54]} {[%emt 00:00:22]} Nxe3 {[%clk 00:55:24]} {[%emt 00:00:31]}
33. Bxh5 {[%clk 01:21:59]} {[%emt 00:00:27]} g6 {[%clk 00:53:16]} {[%emt
00:02:36]} 34. Bf3 {[%clk 01:22:09]} {[%emt 00:00:18]} f6 {[%clk 00:51:18]}
{[%emt 00:02:30]} 35. Re1 {[%clk 01:22:27]} {[%emt 00:00:13]} g5 {[%clk
00:50:25]} {[%emt 00:01:22]} 36. hxg5 {[%clk 01:22:43]} {[%emt 00:00:15]} fxg5
{[%clk 00:50:16]} {[%emt 00:00:38]} 37. Bxd5+ {[%clk 01:24:59]} {[%emt
00:02:38]} Re6 {[%clk 00:49:48]} 38. Bxe6+ {[%clk 01:25:16]} {[%emt 00:00:18]}
Kg7 {[%clk 00:50:14]} {[%emt 00:00:29]} 39. Rxe3 {[%clk 01:25:41]} {[%emt
00:00:08]} Kf6 {[%clk 00:50:03]} {[%emt 00:00:41]} 40. Bc8 {[%clk 01:25:47]}
{[%emt 00:00:24]} Kg7 {[%clk 00:49:55]} {[%emt 00:00:37]} 41. d5 {[%clk
01:26:09]} {[%emt 00:00:09]} b5 {[%clk 00:49:32]} {[%emt 00:00:53]} 42. d6
{[%clk 01:26:27]} {[%emt 00:00:12]} g4 {[%clk 00:49:51]} {[%emt 00:00:10]} 43.
d7 {[%clk 01:26:50]} {[%emt 00:00:08]} Kf7 {[%clk 00:49:24]} {[%emt 00:00:56]}
44. d8=Q {[%emt 00:00:11]} Kg7 {[%emt 00:00:30]} 45. Qd6 {[%clk 01:26:26]}
{[%emt 00:00:14]} Kf7 {[%clk 00:49:09]} {[%emt 00:00:44]} 46. Re7+ {[%clk
01:26:51]} {[%emt 00:00:06]} Kf8 {[%clk 00:49:05]} {[%emt 00:00:32]} 47. Qd8#
{[%clk 01:27:13]} {[%emt 00:00:11]} 1-0

[Event "DEM U10w 2025"]
[Site "Willingen GER"]
[Date "2025.06.11"]
[Round "5"]
[White "Schmidt, Hannah"]
[Black "Hellriegel, Emma"]
[Result "1-0"]
[Termination "normal"]
[Board "18"]
[WhiteElo "1121"]
[BlackElo "999"]
[WhiteClock "00:40:43"]
[BlackClock "00:18:37"]
[PlyCount "79"]
[WhiteFideId "533043639"]
[BlackFideId "533043558"]
[EventCountry "GER"]
[EventRounds "9"]
[EventType "swiss"]
[EventDate "2025.06.07"]

1. c4 {[%clk 01:30:59]} e5 {[%clk 01:30:48]} {[%emt 00:00:12]} 2. Nc3 {[%clk
01:31:20]} {[%emt 00:00:08]} Nf6 {[%clk 01:31:03]} {[%emt 00:00:15]} 3. g3
{[%clk 01:31:26]} {[%emt 00:00:24]} Nc6 {[%clk 01:30:40]} {[%emt 00:00:53]} 4.
Bg2 {[%clk 01:31:30]} {[%emt 00:00:25]} Be7 {[%clk 01:29:08]} {[%emt 00:02:02]}
5. e3 {[%clk 01:30:38]} {[%emt 00:01:24]} O-O {[%clk 01:28:47]} {[%emt
00:00:51]} 6. Nge2 {[%clk 01:30:47]} {[%emt 00:00:20]} b6 {[%clk 01:25:12]}
{[%emt 00:04:05]} 7. a3 {[%clk 01:29:59]} {[%emt 00:01:19]} Bb7 {[%clk
01:24:26]} {[%emt 00:01:16]} 8. d4 {[%clk 01:28:40]} {[%emt 00:01:48]} exd4
{[%clk 01:21:22]} {[%emt 00:03:34]} 9. exd4 {[%clk 01:28:42]} {[%emt 00:00:28]}
Bd6 {[%clk 01:12:07]} {[%emt 00:09:44]} 10. O-O {[%clk 01:27:08]} {[%emt
00:02:04]} Re8 {[%clk 01:10:33]} {[%emt 00:02:03]} 11. b4 {[%clk 01:27:08]}
{[%emt 00:00:31]} Rb8 {[%clk 01:03:07]} {[%emt 00:07:56]} 12. Bb2 {[%clk
01:15:24]} {[%emt 00:12:14]} Bf8 {[%clk 01:02:10]} {[%emt 00:01:27]} 13. Qd2
{[%clk 01:08:25]} {[%emt 00:07:30]} a5 {[%clk 00:55:27]} {[%emt 00:07:08]} 14.
b5 {[%clk 01:08:36]} {[%emt 00:00:23]} Ne7 {[%clk 00:52:43]} {[%emt 00:03:12]}
15. d5 {[%clk 01:02:49]} {[%emt 00:06:19]} h6 {[%clk 00:47:14]} {[%emt
00:05:59]} 16. Nd1 {[%clk 01:00:13]} {[%emt 00:03:06]} Nf5 {[%clk 00:44:20]}
{[%emt 00:03:22]} 17. Ne3 {[%clk 00:58:18]} {[%emt 00:02:26]} Nd6 {[%clk
00:39:58]} {[%emt 00:04:51]} 18. Bh3 {[%clk 00:51:09]} {[%emt 00:07:40]} c6
{[%clk 00:34:43]} {[%emt 00:05:46]} 19. Bxf6 {[%clk 00:49:36]} {[%emt
00:02:03]} gxf6 {[%clk 00:31:56]} {[%emt 00:03:17]} 20. a4 {[%clk 00:49:24]}
{[%emt 00:00:42]} Qe7 {[%clk 00:30:13]} {[%emt 00:02:11]} 21. Nd4 {[%clk
00:43:56]} {[%emt 00:06:01]} c5 {[%clk 00:24:49]} {[%emt 00:05:55]} 22. Ndf5
{[%clk 00:43:45]} {[%emt 00:00:38]} Nxf5 {[%clk 00:24:15]} {[%emt 00:01:06]}
23. Nxf5 {[%clk 00:43:53]} {[%emt 00:00:21]} Qe4 {[%clk 00:22:27]} {[%emt
00:02:19]} 24. Nxh6+ {[%clk 00:42:18]} {[%emt 00:02:05]} Kg7 {[%clk 00:21:46]}
{[%emt 00:01:11]} 25. Nf5+ {[%clk 00:42:15]} {[%emt 00:00:32]} Kh7 {[%clk
00:20:52]} {[%emt 00:01:25]} 26. Ne3 {[%clk 00:42:04]} {[%emt 00:00:40]} Rbd8
{[%clk 00:18:33]} {[%emt 00:02:49]} 27. Bf5+ {[%clk 00:40:00]} {[%emt
00:02:34]} Qxf5 {[%clk 00:18:47]} {[%emt 00:00:17]} 28. Nxf5 {[%clk 00:40:16]}
{[%emt 00:00:14]} d6 {[%clk 00:18:47]} {[%emt 00:00:30]} 29. Qf4 {[%clk
00:39:56]} {[%emt 00:00:49]} Ba8 {[%clk 00:18:44]} {[%emt 00:00:34]} 30. Qh4+
{[%clk 00:40:10]} {[%emt 00:00:16]} Kg8 {[%clk 00:18:54]} {[%emt 00:00:20]} 31.
Qxf6 {[%clk 00:39:53]} {[%emt 00:00:47]} Rc8 {[%clk 00:18:37]} {[%emt
00:00:44]} 32. Nh6+ {[%clk 00:40:08]} {[%emt 00:00:18]} Kh7 {[%clk 00:18:25]}
{[%emt 00:00:42]} 33. Nxf7 {[%clk 00:40:20]} {[%emt 00:00:19]} Bb7 {[%clk
00:18:07]} {[%emt 00:00:49]} 34. Qh8+ {[%clk 00:40:22]} {[%emt 00:00:27]} Kg6
{[%clk 00:18:17]} {[%emt 00:00:20]} 35. Rae1 {[%clk 00:39:48]} {[%emt
00:01:02]} Rxe1 {[%clk 00:18:09]} {[%emt 00:00:40]} 36. Rxe1 {[%clk 00:40:09]}
{[%emt 00:00:09]} Rc7 {[%clk 00:18:22]} {[%emt 00:00:17]} 37. Re6+ {[%clk
00:40:04]} {[%emt 00:00:35]} Kxf7 {[%clk 00:18:32]} {[%emt 00:00:19]} 38. Qh7+
{[%clk 00:39:57]} {[%emt 00:00:37]} Bg7 {[%clk 00:18:23]} {[%emt 00:00:39]} 39.
Qg6+ {[%clk 00:40:20]} {[%emt 00:00:07]} Kf8 {[%clk 00:18:37]} {[%emt
00:00:15]} 40. Qe8# {[%clk 00:40:43]} {[%emt 00:00:09]} 1-0

[Event "DEM U10w 2025"]
[Site "Willingen GER"]
[Date "2025.06.11"]
[Round "5"]
[White "Kruijssen, Hilde"]
[Black "Jodalli, Aarna"]
[Result "1-0"]
[Termination "normal"]
[Board "19"]
[WhiteElo "1457"]
[BlackElo "898"]
[WhiteClock "00:58:32"]
[BlackClock "01:14:06"]
[PlyCount "39"]
[WhiteFideId "40100090"]
[BlackFideId "533043566"]
[EventCountry "GER"]
[EventRounds "9"]
[EventType "swiss"]
[EventDate "2025.06.07"]

1. d4 {[%clk 01:30:58]} {[%emt 00:00:01]} Nf6 {[%clk 01:30:42]} {[%emt
00:00:18]} 2. Nc3 {[%clk 01:31:20]} {[%emt 00:00:09]} d5 {[%clk 01:30:58]}
{[%emt 00:00:14]} 3. Bf4 {[%clk 01:31:42]} {[%emt 00:00:08]} Nc6 {[%clk
01:30:33]} {[%emt 00:00:55]} 4. Nb5 {[%clk 01:30:54]} {[%emt 00:01:18]} e5
{[%clk 01:30:10]} {[%emt 00:00:53]} 5. dxe5 {[%clk 01:30:37]} {[%emt 00:00:46]}
Nh5 {[%clk 01:29:52]} {[%emt 00:00:45]} 6. Qxd5 {[%clk 01:26:25]} {[%emt
00:04:46]} Nxf4 {[%clk 01:28:56]} {[%emt 00:01:26]} 7. Qxd8+ {[%clk 01:25:05]}
{[%emt 00:01:49]} Kxd8 {[%clk 01:29:13]} {[%emt 00:00:13]} 8. O-O-O+ {[%clk
01:23:57]} {[%emt 00:01:39]} Bd7 {[%clk 01:28:23]} {[%emt 00:01:19]} 9. Nf3
{[%clk 01:21:22]} {[%emt 00:03:06]} g6 {[%clk 01:26:38]} {[%emt 00:02:16]} 10.
e3 {[%clk 01:19:25]} {[%emt 00:02:26]} Ne6 {[%clk 01:26:06]} {[%emt 00:00:59]}
11. Bc4 {[%clk 01:16:31]} {[%emt 00:03:26]} Bg7 {[%clk 01:24:28]} {[%emt
00:02:09]} 12. Bxe6 {[%clk 01:15:11]} {[%emt 00:01:49]} fxe6 {[%clk 01:22:32]}
{[%emt 00:02:27]} 13. Ng5 {[%clk 01:14:43]} {[%emt 00:00:58]} Kc8 {[%clk
01:21:22]} {[%emt 00:01:37]} 14. Rd2 {[%clk 01:07:18]} {[%emt 00:07:58]} Nxe5
{[%clk 01:20:24]} {[%emt 00:01:30]} 15. Nc3 {[%clk 01:02:49]} {[%emt 00:04:59]}
Bc6 {[%clk 01:18:01]} {[%emt 00:02:52]} 16. Nxe6 {[%clk 01:02:19]} {[%emt
00:01:00]} Bf6 {[%clk 01:16:04]} {[%emt 00:02:27]} 17. Rhd1 {[%clk 01:00:30]}
{[%emt 00:02:17]} Nc4 {[%clk 01:14:24]} {[%emt 00:02:12]} 18. Rd3 {[%clk
00:57:56]} {[%emt 00:03:02]} Bxc3 {[%clk 01:14:20]} {[%emt 00:00:37]} 19. Rd8+
{[%clk 00:58:15]} {[%emt 00:00:11]} Rxd8 {[%clk 01:14:06]} 20. Rxd8# {[%clk
00:58:32]} {[%emt 00:00:55]} 1-0

[Event "DEM U10w 2025"]
[Site "Willingen GER"]
[Date "2025.06.11"]
[Round "5"]
[White "Kasperczyk, Sara"]
[Black "Reichel, Anneke"]
[Result "0-1"]
[Termination "normal"]
[Board "20"]
[WhiteElo "784"]
[BlackElo "890"]
[WhiteClock "01:03:07"]
[BlackClock "01:22:28"]
[PlyCount "68"]
[WhiteFideId "533043574"]
[BlackFideId "533043612"]
[EventCountry "GER"]
[EventRounds "9"]
[EventType "swiss"]
[EventDate "2025.06.07"]

1. Nf3 {[%clk 01:30:54]} {[%emt 00:00:05]} d5 {[%clk 01:30:53]} {[%emt
00:00:07]} 2. g3 {[%clk 01:31:00]} {[%emt 00:00:24]} Nc6 {[%clk 01:31:17]}
{[%emt 00:00:06]} 3. d4 {[%clk 01:30:28]} {[%emt 00:01:02]} Bf5 {[%clk
01:29:40]} {[%emt 00:01:59]} 4. Bg2 {[%clk 01:29:29]} {[%emt 00:01:36]} Nf6
{[%clk 01:30:00]} {[%emt 00:00:10]} 5. O-O {[%clk 01:28:38]} {[%emt 00:01:21]}
e6 {[%clk 01:30:24]} {[%emt 00:00:06]} 6. b3 {[%clk 01:27:48]} {[%emt
00:01:21]} Bd6 {[%clk 01:30:40]} {[%emt 00:00:14]} 7. Bb2 {[%clk 01:26:29]}
{[%emt 00:01:48]} h6 {[%clk 01:30:30]} {[%emt 00:00:40]} 8. Nbd2 {[%clk
01:21:39]} {[%emt 00:05:18]} g5 {[%clk 01:30:51]} {[%emt 00:00:11]} 9. Re1
{[%emt 00:02:40]} Qe7 {[%clk 01:29:50]} {[%emt 00:00:14]} 10. c4 {[%clk
01:20:33]} {[%emt 00:00:44]} Qd7 {[%clk 01:29:37]} {[%emt 00:00:41]} 11. cxd5
{[%clk 01:18:02]} {[%emt 00:03:02]} exd5 {[%clk 01:29:51]} {[%emt 00:00:16]}
12. h4 {[%clk 01:15:17]} {[%emt 00:03:14]} O-O-O {[%clk 01:28:53]} {[%emt
00:00:34]} 13. a3 {[%clk 01:11:51]} {[%emt 00:04:52]} Rdg8 {[%clk 01:28:47]}
{[%emt 00:00:33]} 14. b4 {[%clk 01:10:04]} {[%emt 00:02:20]} gxh4 {[%clk
01:29:08]} {[%emt 00:00:08]} 15. Nxh4 {[%clk 01:09:55]} {[%emt 00:00:39]} Bh3
{[%clk 01:28:39]} {[%emt 00:00:53]} 16. Kh2 {[%emt 00:03:06]} Bxg2 {[%clk
01:28:18]} {[%emt 00:00:48]} 17. Nxg2 {[%clk 01:07:32]} {[%emt 00:00:26]} Ng4+
{[%clk 01:28:37]} {[%emt 00:00:08]} 18. Kg1 {[%clk 01:07:39]} {[%emt 00:00:25]}
h5 {[%clk 01:28:59]} {[%emt 00:00:48]} 19. Bc3 {[%clk 01:07:27]} {[%emt
00:01:03]} h4 {[%clk 01:29:07]} {[%emt 00:00:22]} 20. f3 {[%clk 01:07:00]}
{[%emt 00:00:58]} Nf6 {[%clk 01:29:01]} {[%emt 00:00:33]} 21. b5 {[%clk
01:07:07]} {[%emt 00:00:27]} Ne7 {[%clk 01:29:07]} {[%emt 00:00:24]} 22. b6
{[%clk 01:05:47]} {[%emt 00:01:51]} axb6 {[%clk 01:29:16]} {[%emt 00:00:20]}
23. Qb3 {[%clk 01:05:37]} {[%emt 00:00:39]} Bxg3 {[%clk 01:28:15]} {[%emt
00:01:31]} 24. Reb1 {[%clk 01:04:49]} {[%emt 00:01:18]} h3 {[%clk 01:28:01]}
{[%emt 00:00:43]} 25. Ba5 {[%clk 01:05:01]} {[%emt 00:00:19]} Bf2+ {[%clk
01:26:32]} {[%emt 00:01:59]} 26. Kf1 {[%emt 00:01:33]} Rxg2 {[%clk 01:26:08]}
{[%emt 00:00:03]} 27. Bxb6 {[%clk 01:04:39]} {[%emt 00:00:39]} Rhg8 {[%clk
01:25:59]} {[%emt 00:00:39]} 28. e3 {[%clk 01:04:44]} {[%emt 00:00:27]} Bxe3
{[%clk 01:24:54]} {[%emt 00:01:34]} 29. Ba7 {[%clk 01:04:56]} {[%emt 00:00:19]}
Qc6 {[%clk 01:23:46]} {[%emt 00:01:37]} 30. Qxe3 {[%clk 01:04:32]} {[%emt
00:00:54]} h2 {[%clk 01:23:47]} {[%emt 00:00:28]} 31. Ke1 {[%clk 01:04:26]}
{[%emt 00:00:36]} h1=Q+ {[%clk 01:23:43]} {[%emt 00:00:37]} 32. Nf1 {[%emt
00:02:05]} Qc4 {[%clk 01:22:01]} {[%emt 00:00:11]} 33. Kd1 {[%clk 01:03:15]}
{[%emt 00:02:06]} Qhxf1+ {[%clk 01:22:00]} {[%emt 00:00:31]} 34. Qe1 {[%clk
01:03:07]} {[%emt 00:00:36]} Qc2# {[%clk 01:22:28]} {[%emt 00:00:05]} 0-1

[Event "DEM U10w 2025"]
[Site "Willingen GER"]
[Date "2025.06.11"]
[Round "5"]
[White "Quauck, Johanna"]
[Black "Richter Assencio, Victoria"]
[Result "1-0"]
[Termination "normal"]
[Board "21"]
[WhiteElo "973"]
[BlackElo "955"]
[WhiteClock "01:18:10"]
[BlackClock "01:33:17"]
[PlyCount "71"]
[WhiteFideId "533043604"]
[BlackFideId "533043620"]
[EventCountry "GER"]
[EventRounds "9"]
[EventType "swiss"]
[EventDate "2025.06.07"]

1. e4 {[%clk 01:30:57]} {[%emt 00:00:01]} e5 {[%clk 01:30:49]} {[%emt
00:00:12]} 2. Nf3 {[%clk 01:31:18]} {[%emt 00:00:10]} Nc6 {[%clk 01:31:01]}
{[%emt 00:00:18]} 3. d4 {[%clk 01:31:29]} {[%emt 00:00:19]} Nf6 {[%clk
01:30:53]} {[%emt 00:00:38]} 4. Bg5 {[%clk 01:30:51]} {[%emt 00:01:07]} h6
{[%clk 01:30:41]} {[%emt 00:00:43]} 5. dxe5 {[%clk 01:30:19]} {[%emt 00:01:02]}
Nxe5 {[%clk 01:30:27]} {[%emt 00:00:44]} 6. Nxe5 {[%clk 01:30:31]} {[%emt
00:00:18]} Qe7 {[%emt 00:00:33]} 7. Bxf6 {[%clk 01:29:37]} {[%emt 00:01:02]}
gxf6 {[%clk 01:31:10]} {[%emt 00:00:07]} 8. Nd3 {[%clk 01:29:03]} {[%emt
00:01:03]} Qxe4+ {[%clk 01:31:14]} {[%emt 00:00:26]} 9. Qe2 {[%clk 01:29:01]}
{[%emt 00:00:32]} Qxe2+ {[%clk 01:31:18]} {[%emt 00:00:27]} 10. Bxe2 {[%clk
01:29:20]} {[%emt 00:00:11]} b6 {[%clk 01:31:35]} {[%emt 00:00:13]} 11. Bf3
{[%clk 01:29:23]} {[%emt 00:00:27]} Rb8 {[%clk 01:31:48]} {[%emt 00:00:19]} 12.
O-O {[%clk 01:28:39]} {[%emt 00:01:13]} d6 {[%clk 01:32:05]} {[%emt 00:00:13]}
13. Bc6+ {[%clk 01:28:22]} {[%emt 00:00:47]} Kd8 {[%clk 01:32:20]} {[%emt
00:00:16]} 14. Re1 {[%clk 01:28:36]} {[%emt 00:00:15]} Be7 {[%clk 01:32:43]}
{[%emt 00:00:09]} 15. Nc3 {[%clk 01:28:12]} {[%emt 00:00:54]} Be6 {[%clk
01:32:50]} {[%emt 00:00:23]} 16. Bd5 {[%clk 01:27:50]} {[%emt 00:00:51]} Kd7
{[%clk 01:33:08]} {[%emt 00:00:13]} 17. Bxe6+ {[%clk 01:27:36]} {[%emt
00:00:44]} fxe6 {[%clk 01:33:29]} {[%emt 00:00:10]} 18. Nf4 {[%clk 01:25:28]}
{[%emt 00:02:37]} e5 {[%clk 01:33:38]} {[%emt 00:00:21]} 19. Nfd5 {[%clk
01:25:37]} {[%emt 00:00:21]} c6 {[%clk 01:33:37]} {[%emt 00:00:32]} 20. Nxe7
{[%clk 01:25:39]} {[%emt 00:00:27]} Kxe7 {[%clk 01:34:01]} {[%emt 00:00:05]}
21. Rad1 {[%clk 01:25:13]} {[%emt 00:00:56]} f5 {[%clk 01:33:47]} {[%emt
00:00:45]} 22. h3 {[%clk 01:23:41]} {[%emt 00:02:02]} Rhg8 {[%clk 01:34:00]}
{[%emt 00:00:17]} 23. Re2 {[%clk 01:22:32]} {[%emt 00:01:38]} b5 {[%clk
01:34:13]} {[%emt 00:00:18]} 24. b4 {[%clk 01:21:37]} {[%emt 00:01:25]} a5
{[%clk 01:33:18]} {[%emt 00:01:26]} 25. bxa5 {[%clk 01:21:27]} {[%emt
00:00:40]} Ra8 {[%clk 01:33:44]} {[%emt 00:00:03]} 26. a3 {[%clk 01:19:57]}
{[%emt 00:02:01]} Rxa5 {[%clk 01:34:04]} {[%emt 00:00:11]} 27. Nb1 {[%clk
01:20:11]} {[%emt 00:00:16]} c5 {[%clk 01:34:01]} {[%emt 00:00:33]} 28. f4
{[%clk 01:20:24]} {[%emt 00:00:17]} Kf6 {[%clk 01:34:13]} {[%emt 00:00:18]} 29.
Rxd6+ {[%clk 01:20:36]} {[%emt 00:00:17]} Ke7 {[%clk 01:33:55]} {[%emt
00:00:49]} 30. fxe5 {[%clk 01:20:53]} {[%emt 00:00:12]} Ra7 {[%clk 01:33:32]}
{[%emt 00:00:54]} 31. Rxh6 {[%clk 01:20:22]} {[%emt 00:01:00]} Rg7 {[%clk
01:33:35]} {[%emt 00:00:27]} 32. Nc3 {[%clk 01:15:12]} {[%emt 00:05:41]} Rxa3
{[%clk 01:33:39]} {[%emt 00:00:26]} 33. Nd5+ {[%clk 01:15:34]} {[%emt
00:00:07]} Kd8 {[%clk 01:32:38]} {[%emt 00:01:31]} 34. e6 {[%clk 01:15:13]}
{[%emt 00:00:51]} Ke8 {[%clk 01:33:00]} {[%emt 00:02:04]} 35. Rh8+ {[%clk
01:17:48]} {[%emt 00:00:13]} Rg8 {[%clk 01:33:17]} {[%emt 00:00:14]} 36. Rxg8#
{[%clk 01:18:10]} {[%emt 00:00:07]} 1-0